Homeomorphisms in analysis
Saved in:
| Main Author: | |
|---|---|
| Other Authors: | , |
| Format: | Book |
| Language: | English |
| Published: |
providence, R.I. :
American Mathematical Society,
c1997
|
| Series: | Mathematical surveys and monographs ;
; 54 |
| Subjects: | |
| Tags: |
Add Tag
No Tags, Be the first to tag this record!
|
MARC
| LEADER | 00000nam a2200000 i 4500 | ||
|---|---|---|---|
| 001 | 1/92168 | ||
| 008 | 991111s1997 eng d | ||
| 020 | |a 0-8218-0614-9 | ||
| 035 | |l 10053935 | ||
| 040 | |a GR-MY-UA |b gre |e aacr | ||
| 041 | 0 | |a eng | |
| 082 | 0 | |a 515.13 | |
| 100 | 1 | |a Goffman, Casper |d 1913- | |
| 245 | 1 | 0 | |a Homeomorphisms in analysis / |c Casper Goffman, Togo Nishiura, Daniel Waterman |
| 260 | |a providence, R.I. : |b American Mathematical Society, |c c1997 | ||
| 300 | |a xiv, 216 p.; |b ill.; |c 26 cm. | ||
| 490 | 1 | |a Mathematical surveys and monographs |v ; 54 | |
| 500 | |a Includes bibliographical references and index | ||
| 650 | 0 | 0 | |a Homeomorphisms. |
| 650 | 0 | 0 | |a Mathematical analysis. |
| 700 | 1 | |a Nishiura, Togo |d 1931- | |
| 700 | 1 | |a Waterman, Daniel. | |
| 830 | 0 | |a Mathematical surveys and monographs ; |v ; 54 | |
| 852 | |a INST |b SAMOS |e 19991111 |h 515.13 GOF |p 005300016780 |q 005300016780 |t BK |y 0 | ||
| 901 | |a BIBL3-1999-3 | ||
| 909 | |a Σ |b 067449 | ||
| 922 | |a 3ΕΛΗ |b 199907 |c ΕΠΕΑΕΚ/ΜΑΘ |d ΠΑΠΑΣΩΤΗΡΙΟΥ | ||
| 970 | |a ΠΟΥΡΝΑΡΑΣ |b ΔΗΜΗΤΡΗΣ |z 1999/11/11 | ||